Managing people successfully : (Record no. 127333)

MARC details
000 -LEADER
fixed length control field 00527nam a22001817a 4500
005 - DATE AND TIME OF LATEST TRANSACTION
control field 20210111154519.0
010 ## - LCCN (DPL NO)
LC control number A-878413
020 ## - INTERNATIONAL STANDARD BOOK NUMBER
Terms of availability 95.00
International Standard Book Number 8172401019
035 ## - SYSTEM CONTROL NUMBER
System control number A-878413
037 ## - SOURCE OF ACQUISITION
Source of stock number/acquisition Cen Lib/Ret
082 ## - DEWEY DECIMAL CLASSIFICATION NUMBER
Classification number 658.3
Item number MAN
245 ## - TITLE STATEMENT
Title Managing people successfully :
Statement of responsibility, etc edited by Sara P.Noble
Remainder of title 47 proven ideas /
260 ## - PUBLICATION, DISTRIBUTION, ETC. (IMPRINT)
Name of publisher, distributor, etc Global Business Press
Date of publication, distribution, etc 1992
300 ## - PHYSICAL DESCRIPTION
Extent xii,130p.
Dimensions 18(Hb)
650 ## - SUBJECT ADDED ENTRY--TOPICAL TERM
Topical term or geographic name as entry element Personnel management.
700 ## - ADDED ENTRY--PERSONAL NAME
Personal name Noble,Sara P.
9 (RLIN) 20180
942 ## - ADDED ENTRY ELEMENTS (KOHA)
Source of classification or shelving scheme Dewey Decimal Classification
Item type English Books
Classification part 658.3
Call number suffix MAN
Holdings
Withdrawn status Lost status Not for loan Home library Current library Date acquired Source of acquisition Cost, normal purchase price Full call number Barcode Copy number Cost, replacement price Koha item type
      Central Library Central Library 29/06/2015 Cen Lib/Ret 95.00 658.3 MAN A-878413 1 95.00 English Books

© Delhi Public Library
Hit Counter
free hit counter